000 00338nam a22001337a 4500
003 SGT
082 _a615.53
_bM08M
100 _aLAVEKAR,G.S
245 _aMEDICINAL PLANTS IN GERIATRIC HEALTH CARE
260 _aDELHI
_bMINISTRY OF HEALTH & FAMILY WELFARE.
_c2008
300 _a125.00
650 _aAYURVEDA MEDICINAL PLANT
942 _2ddc
_cBK
999 _c8650
_d8650